00985 a2200193 4500003000500000005001700005040000900022082001500031100002500046245003500071260002900106300000900135505035300144650001900497942001200516999001900528952012200547952012200669Nust20230315113025.0 cNust a479.15,DEL aDelic, Rasim9106006 aBosnia is Here /cRasim Delic aBosniabArmy Pressc1995 a96:p aWe are much Strong Together (Page-5), United to the Freedom (Page-13), The War has Reached Its Climax (Page-19), Turns of Events at Bosnian (Page-25), To Ensure Resource for National Defenses (Page-33), Army of the Public of Bosnia (Page-45), World Recognizes Force only (Page-49), Bosnia is Here (Page-59), Army is Fighting for History (Page-87). aBosnia9110305 2ddccBK c185728d185728 00102ddc4070aMCSbMCScGENd2016-12-12o479.15,DELpMCS2470r2016-12-08w2016-12-12yBKzAmirah No.74, Shelf No.4 00102ddc4070aMCSbMCScGENd2016-12-12o479.15,DELpMCS5278r2016-12-08w2016-12-12yBKzAmirah No.74, Shelf No.4